00469nam a22001697a 450000500170000001000150001702000260003203500130005803700130007108200140008410000200009824500470011826000310016527000530019630000310024950000190028020161206105714.0 aENG-116255 a9788120352643c175.00 aEN-99787 bDBAD/PUB a629.13435 aAnvekar,Mayur R aAircraft propulsion /cby Mayur R. Anvekar aDelhibPHI Learningc2016 a111,Patparganj Industrial Eatate bDelhie110092 aix,480p. :billc24cm(pbk) aIncludes index